000 00756cam a22001814a 4500
005 20250605164349.0
008 250528s ||||||||||||||||||||||||d
035 _a24055
040 _aGR-AtMCL
_bgre
_dGR-AtMCL
_eAACR2
245 1 _aRoadmapping Success / SLM Solutions on the Path to True Am Adoption
260 _c2020
300 _a68
520 _aRoadmapping Success, Small Steps after the Giant Leap, Am in the Aircraft Cabin, Innovating for Efficiency with Am in the Aerospace Industry, Time to Refocus, Introducing Haute Fabrication, 3D Printing in the Fast Lane, Best of Both Worlds, 3D Printing has Come a Long Way, What the Heck am I Doing Here?.
700 1 _aGriffiths Laura
_99377
942 _cCR
999 _c8955
_d8955